[Event "GER-chT U20 Girls"]
[Site "Naunhof"]
[Date "2005.12.30"]
[Round "7.1"]
[White "Woldmann, Anna Julia"]
[Black "Butschek, Tanja"]
[Result "0-1"]
[WhiteElo "1458"]
[BlackElo "1862"]
[PlyCount "55"]
[EventDate "2005.12.27"]
[EventType "team-swiss"]
[EventRounds "7"]
[EventCountry "GER"]
[SourceTitle "CBM 110 Extra"]
[Source "ChessBase"]
[SourceDate "2006.03.10"]
[SourceVersion "2"]
[SourceVersionDate "2006.03.10"]
[SourceQuality "1"]

1. e4 c5 2. Nf3 e6 3. d4 cxd4 4. Nxd4 Nf6 5. Nc3 Nc6 6. f4 Bb4 7. Qd3 d5 8. e5 Ne4 9. Bd2 Nxd2 10. Qxd2 Qb6 11. Bb5 0-0 12. Bxc6 bxc6 13. a3 Be7 14. 0-0 c5 15. Nf3 Ba6 16. Rfd1 Rfd8 17. Kh1 Bb7 18. b3 d4 19. Na4 Qb5 20. Ne1 c4 21. Rdb1 Be4 22. Qe2 Bc6 23. Nb2 cxb3 24. Qxb5 Bxb5 25. cxb3 Rac8 26. a4 Ba6 27. Rc1 Rc3 28. Rxc3 0-1

[Event "GER-chT U20 Girls"]
[Site "Naunhof"]
[Date "2005.12.29"]
[Round "5.1"]
[White "Woldmann, Anna Julia"]
[Black "Lobe, Sandra"]
[Result "1/2-1/2"]
[WhiteElo "1458"]
[BlackElo "1586"]
[PlyCount "46"]
[EventDate "2005.12.27"]
[EventType "team-swiss"]
[EventRounds "7"]
[EventCountry "GER"]
[SourceTitle "CBM 110 Extra"]
[Source "ChessBase"]
[SourceDate "2006.03.10"]
[SourceVersion "2"]
[SourceVersionDate "2006.03.10"]
[SourceQuality "1"]

1. e4 c5 2. Nf3 g6 3. d4 cxd4 4. Nxd4 Bg7 5. Be3 Nc6 6. Nc3 Nf6 7. Be2 0-0 8. h4 d6 9. h5 Qa5 10. Nb3 Qc7 11. hxg6 fxg6 12. Qd2 Ne5 13. Bh6 Rf7 14. Bxg7 Rxg7 15. Qh6 Be6 16. Nd4 Bf7 17. f4 Nc4 18. 0-0-0 Rc8 19. Bf3 Nxb2 20. Ncb5 Qb6 21. Kxb2 a6 22. Qg5 axb5 23. Qxb5 Qa7 1/2-1/2

[Event "GER-chT U20 Girls"]
[Site "Naunhof"]
[Date "2005.12.28"]
[Round "3.1"]
[White "Woldmann, Anna Julia"]
[Black "Samorukova, Jana"]
[Result "0-1"]
[WhiteElo "1458"]
[BlackElo "1609"]
[PlyCount "60"]
[EventDate "2005.12.27"]
[EventType "team-swiss"]
[EventRounds "7"]
[EventCountry "GER"]
[SourceTitle "CBM 110 Extra"]
[Source "ChessBase"]
[SourceDate "2006.03.10"]
[SourceVersion "2"]
[SourceVersionDate "2006.03.10"]
[SourceQuality "1"]

1. e4 e5 2. Nf3 Nc6 3. Bc4 Nf6 4. Ng5 d5 5. exd5 Na5 6. Bb5+ c6 7. dxc6 bxc6 8. Be2 a6 9. Nh3 g5 10. f3 Bxh3 11. gxh3 Qd4 12. Rf1 Qh4+ 13. Rf2 Bc5 14. d4 Bxd4 15. Qd3 Qxf2+ 16. Kd1 Rd8 17. Nd2 Nd5 18. Ne4 Qg1+ 19. Bf1 Ne3+ 20. Ke1 Qxf1+ 21. Qxf1 Nxf1 22. Kxf1 Ke7 23. c3 Bb6 24. b4 Nc4 25. Ke2 f5 26. Ng3 Ke6 27. a4 Rd7 28. a5 Bc7 29. Be3 Nxe3 30. Kxe3 f4+ 0-1

[Event "Schleswig Holstein-ch U25"]
[Site "Neumuenster"]
[Date "2005.03.21"]
[Round "4"]
[White "Woldmann, Anna Julia"]
[Black "Dittmann, Sebastian"]
[Result "0-1"]
[WhiteElo "1296"]
[BlackElo "1654"]
[PlyCount "68"]
[EventDate "2005.03.19"]
[EventType "swiss"]
[EventRounds "9"]
[EventCountry "GER"]
[SourceTitle "EXT 2007"]
[Source "ChessBase"]
[SourceDate "2006.11.23"]
[SourceVersion "1"]
[SourceVersionDate "2006.11.23"]
[SourceQuality "1"]

1. e4 d6 2. d4 g6 3. Nf3 Bg7 4. Bc4 Nf6 5. Nc3 0-0 6. Bf4 Nbd7 7. 0-0 c5 8. e5 Nh5 9. Qd2 cxd4 10. Ne4 Nxf4 11. Qxf4 dxe5 12. Qd2 Qc7 13. Bb3 Nc5 14. Nxc5 Qxc5 15. Rac1 Bf5 16. Ne1 e4 17. c3 dxc3 18. bxc3 Rfd8 19. Qb2 Qb6 20. Nc2 Rac8 21. Ne3 Be6 22. Rc2 Bxb3 23. axb3 Qc5 24. Rfc1 Rd3 25. b4 Qd6 26. g3 Bh6 27. Re1 Bxe3 28. fxe3 Qf6 29. Rf1 Qg5 30. Qb3 Qxe3+ 31. Kh1 e6 32. Rcf2 Rd7 33. Rc2 Rd2 34. Rxd2 Qxd2 0-1

[Event "GER-chT U20 Girls"]
[Site "Pori"]
[Date "2004.12.30"]
[Round "7.1"]
[White "Woldmann, Anna Julia"]
[Black "Gasch, Franziska"]
[Result "0-1"]
[WhiteElo "1311"]
[BlackElo "1712"]
[PlyCount "84"]
[EventDate "2004.12.27"]
[EventType "team"]
[EventRounds "7"]
[EventCountry "GER"]
[SourceTitle "EXT 2006"]
[Source "ChessBase"]
[SourceDate "2005.11.24"]
[SourceVersion "1"]
[SourceVersionDate "2005.11.24"]
[SourceQuality "1"]

1. e4 d5 2. exd5 Nf6 3. Bc4 Nxd5 4. d3 Nb6 5. Bb3 Nc6 6. Be3 e5 7. Nc3 Be7 8. Nf3 Bg4 9. h3 Bh5 10. g4 Bg6 11. h4 h6 12. Bxb6 axb6 13. h5 Bh7 14. a3 Qd7 15. Qe2 Bf6 16. Rg1 0-0-0 17. 0-0-0 g5 18. hxg6 Bxg6 19. Ba4 Rhe8 20. g5 Bg7 21. gxh6 Bxh6+ 22. Kb1 Bh5 23. Qe4 f5 24. Qe2 Qf7 25. Bb3 Qh7 26. Rh1 Nd4 27. Qf1 Bxf3 28. Qh3 Bxd1 29. Rxd1 Nxb3 30. cxb3 Qg6 31. Ne2 Kb8 32. Ka2 e4 33. Nc3 exd3 34. Rxd3 f4 35. Rxd8+ Rxd8 36. f3 Rd2 37. Ne4 Rd1 38. Nc3 Rd2 39. Ne4 Rd8 40. Qf1 Bg7 41. Qb5 Qg2 42. Nd2 Qxd2 0-1

[Event "Schleswig Holstein-ch U18 VM"]
[Site "Neumuenster"]
[Date "2004.03.22"]
[Round "4"]
[White "Woldmann, Anna Julia"]
[Black "Ohlow, Christopher"]
[Result "1/2-1/2"]
[WhiteElo "915"]
[BlackElo "901"]
[PlyCount "76"]
[EventDate "2004.03.20"]
[EventType "swiss"]
[EventRounds "9"]
[EventCountry "GER"]
[SourceTitle "EXT 2006"]
[Source "ChessBase"]
[SourceDate "2005.11.24"]
[SourceVersion "1"]
[SourceVersionDate "2005.11.24"]
[SourceQuality "1"]

1. e4 e5 2. Bc4 Nf6 3. d3 Nc6 4. Nf3 d5 5. exd5 Nxd5 6. 0-0 Bg4 7. h3 Bh5 8. Be3 Nxe3 9. fxe3 Bc5 10. Qd2 0-0 11. Kh1 e4 12. dxe4 Qxd2 13. Nbxd2 Bxe3 14. Rae1 Bc5 15. a3 Rad8 16. e5 Bxf3 17. Nxf3 Nd4 18. Nxd4 Rxd4 19. Bb3 g6 20. e6 fxe6 21. Bxe6+ Kg7 22. Rxf8 Kxf8 23. Rf1+ Ke7 24. Bb3 b5 25. Rf7+ Kd6 26. Rxh7 Kc6 27. Rh6 Bd6 28. g4 Rd1+ 29. Kg2 Rd2+ 30. Kf3 Rh2 31. Rxg6 Rxh3+ 32. Ke2 a5 33. a4 b4 34. Rf6 Rg3 35. Rg6 Kc5 36. g5 Bf4 37. Rg7 Rxg5 38. Rxg5+ Bxg5 1/2-1/2